Kontynenty - od największego do najmniejszego - Statystyki

Ogólne statystyki
  • Ten quiz został rozwiązany 64 razy
  • Średni wynik to 7 z 7
Statystyki odpowiedzi
Powierzchnia Odpowiedź % Poprawnych
44,6 mln km² Azja
100%
30,4 mln km² Afryka
98%
24,2 mln km² Ameryka Północna
94%
17,8 mln km² Ameryka Południowa
91%
10,5 mln km² Europa
91%
13,2 mln km² Antarktyda
89%
7,7 mln km² Australia
87%
Nie znaleziono quizów pasujących do podanych kryteriów
Rozkład punktacji
Procent ludzi z każdym wynikiem
Percentyl według liczby udzielonych odpowiedzi
Twoja historia wyników
Nie rozwiązałeś tego quizu